000 00355nam a2200145Ia 4500
008 230312s9999||||xx |||||||||||||| ||und||
020 _a9789693709995
082 _a891.4
_bIBN-K
100 _aابنِ سینا
245 0 _aکلُیاتِ قانون
260 _bNational book
_apak
_c2017
300 _a513
650 _aUrdu Literature
942 _cBK
999 _c13476
_d13476